000 00937nam a22002417a 4500
005 20240530110456.0
008 150603s2011 ua g b 000 0 ara d
017 _a2011/9337
_bمصر . دار الكتب المصرية
020 _a9789774114870
040 _aEG-CaGPL
082 0 4 _221
_a306.734\
_bت غ
100 0 _aتركى محمود المدهون
245 1 2 _aالغزل و المجتمع :
_bدراسة سوسيولوجية معرفية /
_cتركى محمود المدهون
250 _aط1
260 _aالقاهرة :
_bالمكتبة المصرية للنشر و التوزيع ،
_c2011 .
300 _a307 ص ؛
_c24 سم .
504 _aيشتمل على ارجاعات ببليوجرافية
650 0 4 _aالشعر الغزلى
650 0 4 _aالغزل و المجتمع
650 0 4 _aالغزل
_xسوسيولوجية معرفية
942 _2ddc
_cBK
999 _c61358
_d61358